000 00625nam a2200241Ia 4500
003 OSt
005 20221005125311.0
006 a|||||r|||| 00| 0
007 ta
008 221004b |||||||| |||| 00| 0 eng d
024 _a33751
037 _cTextual
040 _aCRL
_cCRL
_beng
041 _2eng
_aeng
082 _aO111,1K08,1, K4;1
100 _aMilton John
245 0 _aParadise lost Book 1 ed by M Macmillan
260 _c1888
490 _aMacmillaan's English classics.
650 _aMILTON, JOHN
942 _hO111,1K08,1, K4;1
_cTEXL
_2cc
999 _c1053601
_d1053601